| 000 | 00613nam a2200253Ia 4500 | ||
|---|---|---|---|
| 005 | 20250425162521.0 | ||
| 008 | 250425s9999 xx 000 0 und d | ||
| 020 | _a1400044065 | ||
| 041 | _aspa | ||
| 082 | _a920 | ||
| 100 | _aKNOPF, ALFRED A | ||
| 245 | 0 | _aBILL CLINTON: MI VIDA | |
| 250 | _a1ST ED. | ||
| 260 |
_aEstados Unidos _bALFRED A. KNOPE _c2004 |
||
| 260 | _aNEW YORK | ||
| 300 | _a1145 | ||
| 500 | _adonacion Ivonne Adum | ||
| 650 | _aAUTOBIOGRAFIAS | ||
| 650 | _aVIDA SOCIAL | ||
| 700 |
_aClaudia Casanova _etraductor |
||
| 710 | _aALFRED A. KNOPE | ||
| 942 | _c01 | ||
| 010 | _a80846 | ||
| 999 |
_c230829 _d230829 |
||